00552 2200169 4500245011900000020002200119250001100141100002400152650002100176650001000197005001900207260009800226041001400324084001200338300002300350336000900373 aMenjaga Bahasa, Memuliakan Bangsa b : Bunga Rampai Konservasi Bahasa dan Sastra DaerahcGanjar HarimansyahhText a978-602-437-977-3 aCet. 1 aGanjar Harimansyah, aBahasa Indonesia aEbook a20241104113851 aJakartabBadan Pengembangan Bahasa dan Perbukuan, Kementerian Pendidikan dan Kebudayaanc2019 aIndonesia a499.210 a159 hlm. :c24 cm. atext